[Event "Rated Blitz game"]
[Site "?"]
[Date "2021.05.14"]
[Round "?"]
[White "jbTraining"]
[Black "annaly1979"]
[Result "1-0"]
[WhiteElo "2473"]
[BlackElo "2447"]
[PlyCount "85"]
[EventDate "2021.??.??"]
[EventType "blitz"]

1. e4 e5 2. Nf3 d5 3. Nxe5 Qe7 4. d4 f6 5. Nd3 Nc6 6. Nf4 Qxe4+ 7. Be3 Nb4 8.
Na3 Bd6 9. Bd3 Qe7 10. Qh5+ Kd8 11. Nxd5 Nxd5 12. Qxd5 c6 13. Qb3 Be6 14. c4
Bxa3 15. bxa3 Qf7 16. a4 b6 17. O-O Ne7 18. Rfd1 Bg4 19. f3 Bf5 20. d5 Bxd3 21.
Rxd3 c5 22. Qb5 Qe8 23. d6 Nf5 24. d7 Qe5 25. Re1 Kc7 26. a5 Nd4 27. Qb1 Qd6
28. Bxd4 cxd4 29. Red1 Qxd7 30. Rxd4 Qc6 31. c5 bxc5 32. Rc4 Rad8 33. Rdc1 Rd5
34. a6 Rb8 35. Qxh7 Rbd8 36. Qxg7+ R8d7 37. Qg3+ R7d6 38. h4 Kb6 39. h5 Rd1+
40. Rxd1 Rxd1+ 41. Kh2 Qd5 42. Qb8+ Kxa6 43. Ra4# {Normal} 1-0

[Event "Rated Blitz game"]
[Site "?"]
[Date "2021.05.14"]
[Round "?"]
[White "Kurapika06"]
[Black "GoughPhar"]
[Result "1-0"]
[WhiteElo "2400"]
[BlackElo "2359"]
[PlyCount "107"]
[EventDate "2021.??.??"]
[EventType "blitz"]

1. e4 e5 2. Nf3 d5 3. d3 dxe4 4. Nxe5 Bd6 5. Nc4 Nf6 6. Nxd6+ Qxd6 7. Be2 Nc6
8. dxe4 Qxd1+ 9. Bxd1 Nxe4 10. O-O Bf5 11. Re1 O-O-O 12. Bf4 Rhe8 13. Na3 g5
14. Be3 f6 15. Bf3 Kb8 16. Rad1 Ne5 17. Bxe4 Bxe4 18. Rxd8+ Rxd8 19. h3 Bg6 20.
Bxg5 fxg5 21. Rxe5 Rd2 22. Rxg5 a6 23. Rc5 b6 24. Rc3 Kb7 25. g4 b5 26. Rc5 Kb6
27. b4 c6 28. f4 Be4 29. Re5 Bd5 30. f5 Bxa2 31. f6 Rd4 32. c3 Rf4 33. Rf5 Rxf5
34. gxf5 Bf7 35. Kf2 c5 36. Ke2 a5 37. bxc5+ Kxc5 38. Ke3 b4 39. cxb4+ axb4 40.
Nb1 Kd5 41. Kf4 Kd4 42. Kg5 Kd3 43. Kh6 Kc2 44. Kg7 Ba2 45. f7 Bxf7 46. Kxf7
Kxb1 47. Kg7 b3 48. f6 b2 49. f7 Ka1 50. f8=Q b1=Q 51. Qa8+ Kb2 52. Qb7+ Kc2
53. Qxb1+ Kxb1 54. h4 {Normal} 1-0

[Event "Rated Blitz game"]
[Site "?"]
[Date "2021.05.14"]
[Round "?"]
[White "NormWeinstein"]
[Black "KamranShirazi"]
[Result "1-0"]
[WhiteElo "2454"]
[BlackElo "2520"]
[PlyCount "91"]
[EventDate "2021.??.??"]
[EventType "blitz"]

1. e4 e5 2. Nf3 d5 3. d4 dxe4 4. Nxe5 Nd7 5. Bf4 Nxe5 6. Bxe5 Nf6 7. Be2 Bd6 8.
O-O Bxe5 9. dxe5 Qxd1 10. Rxd1 Nd7 11. e6 fxe6 12. Nc3 Nf6 13. Nb5 Ke7 14. Nxc7
a6 15. Nxa8 Nd5 16. c4 Nb4 17. Nb6 e3 18. fxe3 Nc2 19. Rac1 Nxe3 20. Rd3 Nf5
21. Bg4 Nh6 22. Bh3 g6 23. Rcd1 g5 24. g3 g4 25. Bg2 Nf5 26. Be4 Ng7 27. c5 h5
28. b4 h4 29. gxh4 Kf6 30. Rd8 Rxh4 31. Nxc8 g3 32. Bg2 gxh2+ 33. Kh1 Nf5 34.
Rf1 Ke5 35. Rxf5+ Kxf5 36. Nd6+ Ke5 37. Nxb7 Rxb4 38. c6 Kf4 39. Kxh2 Rb5 40.
Rd4+ Ke5 41. Rc4 Kf6 42. c7 Rh5+ 43. Bh3 Rd5 44. c8=Q Rd2+ 45. Bg2 Rc2 46. Rxc2
{Normal} 1-0

[Event "Rated Blitz game"]
[Site "?"]
[Date "2021.05.14"]
[Round "?"]
[White "RiskyBlitzer"]
[Black "liaqat321"]
[Result "1-0"]
[WhiteElo "2481"]
[BlackElo "2351"]
[PlyCount "57"]
[EventDate "2021.??.??"]
[EventType "blitz"]

1. e4 e5 2. Nf3 d5 3. exd5 e4 4. Qe2 Nf6 5. d3 Bb4+ 6. c3 O-O 7. dxe4 Be7 8.
Qc2 Re8 9. Bd3 c6 10. d6 Bxd6 11. O-O Bg4 12. Nbd2 h6 13. Re1 Nbd7 14. Nc4 Bc7
15. Nd4 Qe7 16. f3 Bh5 17. a4 Ne5 18. Nxe5 Qxe5 19. f4 Qe7 20. Nf5 Qd8 21. h3
Bg6 22. e5 Nd5 23. Nxh6+ gxh6 24. Bxg6 fxg6 25. Qxg6+ Kf8 26. Qxh6+ Ke7 27.
Qg7+ Ke6 28. f5+ Kxf5 29. Qg4# {Normal} 1-0

[Event "Rated Blitz game"]
[Site "?"]
[Date "2021.05.14"]
[Round "?"]
[White "Kusanta"]
[Black "Gifroy"]
[Result "1-0"]
[WhiteElo "2425"]
[BlackElo "2435"]
[PlyCount "93"]
[EventDate "2021.??.??"]
[EventType "blitz"]

1. e4 e5 2. Nf3 d5 3. exd5 e4 4. Qe2 Nf6 5. d3 Qxd5 6. Nfd2 Be6 7. dxe4 Qa5 8.
Nc3 Bb4 9. f3 Bxc3 10. bxc3 Qxc3 11. Rb1 Nbd7 12. Rxb7 Qxc2 13. Qd1 Qxd1+ 14.
Kxd1 O-O 15. Nb3 c5 16. Ba3 Rfb8 17. Rxb8+ Rxb8 18. Kc2 g5 19. h3 Nh5 20. g3
Nxg3 21. Rg1 Nxf1 22. Rxf1 Bxh3 23. Rg1 h6 24. Kc3 Be6 25. Nxc5 Nxc5 26. Bxc5
Rc8 27. Kd4 Bxa2 28. Ra1 Rd8+ 29. Ke5 Be6 30. Rxa7 Kg7 31. f4 gxf4 32. Kxf4 Rd7
33. Ra1 Rd3 34. Be7 h5 35. Rg1+ Bg4 36. Bb4 Kg6 37. Bc5 Rf3+ 38. Ke5 f6+ 39.
Kd4 Rf4 40. Bd6 Rf3 41. Ra1 Kg5 42. Be7 Kh4 43. e5 Kg5 44. exf6 Kg6 45. Ra8 Kf7
46. Ke5 Re3+ 47. Kf4 {Time forfeit} 1-0

[Event "Rated Blitz game"]
[Site "?"]
[Date "2021.05.14"]
[Round "?"]
[White "Lady_berry"]
[Black "Gifroy"]
[Result "1-0"]
[WhiteElo "2506"]
[BlackElo "2419"]
[PlyCount "87"]
[EventDate "2021.??.??"]
[EventType "blitz"]

1. e4 e5 2. Nf3 d5 3. exd5 e4 4. Qe2 Nf6 5. Nc3 Be7 6. Nxe4 Nxe4 7. Qxe4 O-O 8.
Bd3 g6 9. O-O Re8 10. Re1 Bd7 11. Qc4 c6 12. b4 Bf6 13. Rb1 Rxe1+ 14. Nxe1 Qe8
15. Kf1 cxd5 16. Qxd5 Bc6 17. Qc4 Nd7 18. Bb2 Rc8 19. Bxf6 Bxg2+ 20. Nxg2 Rxc4
21. Bxc4 Nxf6 22. Re1 Qd7 23. d3 Kf8 24. Re3 Qa4 25. Rf3 Kg7 26. Ne3 Qxb4 27.
Kg2 Qd6 28. h3 a6 29. Ng4 Nxg4 30. Rxf7+ Kh6 31. hxg4 b5 32. Bb3 Kg5 33. Kh3
Kh6 34. f4 g5 35. Rf5 Kg7 36. Rf7+ Kh6 37. Rf5 gxf4 38. g5+ Kg7 39. Rf7+ Kh8
40. Kg4 f3 41. Rxf3 Qd7+ 42. Kg3 Qd4 43. Rf8+ Kg7 44. Rg8# {Normal} 1-0

[Event "Rated Blitz game"]
[Site "?"]
[Date "2021.05.14"]
[Round "?"]
[White "Lady_berry"]
[Black "Gifroy"]
[Result "0-1"]
[WhiteElo "2511"]
[BlackElo "2414"]
[PlyCount "76"]
[EventDate "2021.??.??"]
[EventType "blitz"]

1. e4 e5 2. Nf3 d5 3. Nxe5 Bd6 4. d4 dxe4 5. Nc4 Be7 6. Nc3 Bf5 7. Ne3 Bg6 8.
Be2 Nf6 9. h4 h5 10. a3 Nc6 11. d5 Ne5 12. Qd4 Bd6 13. Nc4 Nxc4 14. Bxc4 O-O
15. Bg5 Re8 16. O-O-O a6 17. Rhe1 b5 18. Bb3 Be5 19. Qe3 Qd6 20. Ne2 a5 21. Nf4
Kh7 22. Nxg6 fxg6 23. g3 a4 24. Ba2 b4 25. axb4 Qxb4 26. Qa3 Qb6 27. Be3 Qb7
28. Bd4 Bd6 29. Qc3 Bb4 30. Qc4 a3 31. Re3 axb2+ 32. Kb1 Bd6 33. Rb3 Qa6 34.
Qxa6 Rxa6 35. Rxb2 Rea8 36. Re1 Nxd5 37. c4 Nb4 38. Ree2 Nxa2 {Time forfeit}
0-1

[Event "Rated Blitz game"]
[Site "?"]
[Date "2021.05.14"]
[Round "?"]
[White "GoranPa"]
[Black "Gifroy"]
[Result "0-1"]
[WhiteElo "2413"]
[BlackElo "2402"]
[PlyCount "74"]
[EventDate "2021.??.??"]
[EventType "blitz"]

1. e4 e5 2. Nf3 d5 3. Nxe5 Bd6 4. d4 dxe4 5. Nc4 Be7 6. Nc3 Bf5 7. Bf4 Nf6 8.
Qd2 O-O 9. h3 h6 10. O-O-O c6 11. g4 Bg6 12. Bg2 Bb4 13. a3 Bxc3 14. Qxc3 Nd5
15. Qg3 b5 16. Ne5 Bh7 17. g5 Nxf4 18. Qxf4 Qxg5 19. Qxg5 hxg5 20. d5 cxd5 21.
Rxd5 f6 22. Ng4 a6 23. Rd6 Ra7 24. Rhd1 Rc7 25. Ne3 Nc6 26. Nd5 Rfc8 27. Nxc7
Rxc7 28. Rd7 Rc8 29. R1d6 Bf5 30. Ra7 Ne5 31. Rdxa6 Kh7 32. c3 Nd3+ 33. Kd2
Nxf2 34. Rd6 Nd3 35. b4 Nf4 36. Bf1 e3+ 37. Ke1 Rxc3 {Normal} 0-1

[Event "Rated Blitz game"]
[Site "?"]
[Date "2021.05.14"]
[Round "?"]
[White "Ute-Manfred"]
[Black "annaly1979"]
[Result "0-1"]
[WhiteElo "2522"]
[BlackElo "2442"]
[PlyCount "84"]
[EventDate "2021.??.??"]
[EventType "blitz"]

1. e4 e5 2. Nf3 d5 3. exd5 e4 4. Qe2 f5 5. d3 Nf6 6. Nbd2 Be7 7. dxe4 fxe4 8.
Nxe4 Nxe4 9. Qxe4 O-O 10. Bd3 Bf5 11. Qc4 Bxd3 12. Qxd3 Nd7 13. O-O Bd6 14. Ng5
g6 15. Qh3 Qe7 16. Ne6 Rf5 17. c4 b6 18. Be3 Rh5 19. Qxh5 gxh5 20. f4 Nc5 21.
f5 Qh4 22. Bf4 Nxe6 23. g3 Qg4 24. fxe6 Bc5+ 25. Kh1 h4 26. gxh4 Qh3 27. Bg3
Rf8 28. Rxf8+ Kxf8 29. Re1 Ke8 30. a3 a5 31. h5 Qxh5 32. Kg2 Qg4 33. b3 h5 34.
h3 Qg6 35. Kf3 Qd3+ 36. Kg2 Qd2+ 37. Kf3 Bd6 38. Bh4 Qd3+ 39. Re3 Qf1+ 40. Ke4
Qf4+ 41. Kd3 Qxh4 42. Re4 Qxh3+ {Normal} 0-1

[Event "Rated Blitz game"]
[Site "?"]
[Date "2021.05.14"]
[Round "?"]
[White "wallie666"]
[Black "Berovski"]
[Result "0-1"]
[WhiteElo "2402"]
[BlackElo "2398"]
[PlyCount "20"]
[EventDate "2021.??.??"]
[EventType "blitz"]

1. e4 e5 2. Nf3 d5 3. exd5 e4 4. Qe2 Nf6 5. Nc3 Bf5 6. Nd4 Bg6 7. d3 Bb4 8. Bg5
Qxd5 9. Bxf6 gxf6 10. Ndb5 Qxb5 {Normal} 0-1

[Event "Rated Blitz game"]
[Site "?"]
[Date "2021.05.14"]
[Round "?"]
[White "kirill_kopyonkin"]
[Black "Fantastic_power06"]
[Result "1-0"]
[WhiteElo "2598"]
[BlackElo "2671"]
[PlyCount "59"]
[EventDate "2021.??.??"]
[EventType "blitz"]

1. e4 e5 2. Nf3 d5 3. exd5 e4 4. Qe2 Nf6 5. d3 Qxd5 6. Nbd2 Nc6 7. Nxe4 Be6 8.
Bg5 O-O-O 9. g3 Qa5+ 10. Bd2 Qb6 11. Bg2 Nxe4 12. dxe4 Qxb2 13. O-O Qxc2 14.
Rfc1 Qd3 15. Qe1 Qd7 16. Rab1 Bh3 17. Bh1 Ba3 18. Rc4 Rhe8 19. Be3 f5 20. e5 f4
21. Bxf4 Bf5 22. Rb3 Bf8 23. Nd4 Na5 24. Qxa5 c6 25. Qxa7 Qc7 26. Bxc6 Rxd4 27.
Bxb7+ Kd8 28. Qxd4+ Qd7 29. Bg5+ Be7 30. Rc8# {Normal} 1-0

[Event "Rated Blitz game"]
[Site "?"]
[Date "2021.05.14"]
[Round "?"]
[White "Printezis04"]
[Black "Fantastic_power06"]
[Result "0-1"]
[WhiteElo "2605"]
[BlackElo "2653"]
[PlyCount "102"]
[EventDate "2021.??.??"]
[EventType "blitz"]

1. e4 e5 2. Nf3 d5 3. exd5 e4 4. Qe2 Nf6 5. Nc3 Be7 6. Nxe4 O-O 7. Nxf6+ Bxf6
8. Qd1 Qxd5 9. Be2 c5 10. O-O Nc6 11. d3 Bg4 12. Nd2 Bxe2 13. Qxe2 Rfe8 14. Ne4
Be7 15. Be3 f5 16. Nc3 Qd7 17. Qf3 Bf6 18. Rfe1 Ne5 19. Qd5+ Qxd5 20. Nxd5 Rac8
21. Nxf6+ gxf6 22. Re2 f4 23. Bxf4 Nf3+ 24. Kf1 Rxe2 25. Kxe2 Nd4+ 26. Kd2 Kf7
27. Re1 Ne6 28. Bg3 Rg8 29. c3 h5 30. Ke3 f5 31. Kf3 Rg4 32. h3 Ra4 33. a3 f4
34. Bh4 b5 35. Re4 Ra6 36. d4 cxd4 37. cxd4 Rd6 38. b4 Kg6 39. Re5 Nxd4+ 40.
Kxf4 Ne6+ 41. Ke4 Ng7 42. Rxb5 Re6+ 43. Re5 Rc6 44. f4 Rc4+ 45. Ke3 Nf5+ 46.
Rxf5 Kxf5 47. Be1 Re4+ 48. Kf3 Rxe1 49. g4+ hxg4+ 50. hxg4+ Kf6 51. g5+ Kf5 {
Normal} 0-1

[Event "Rated Blitz game"]
[Site "?"]
[Date "2021.05.14"]
[Round "?"]
[White "Sanduleac"]
[Black "babageldi2277"]
[Result "1-0"]
[WhiteElo "2560"]
[BlackElo "2716"]
[PlyCount "123"]
[EventDate "2021.??.??"]
[EventType "blitz"]

1. e4 e5 2. Nf3 d5 3. Nxe5 Bd6 4. d4 Nf6 5. exd5 O-O 6. Be2 Nxd5 7. O-O c5 8.
Nf3 cxd4 9. Qxd4 Nc6 10. Qd1 Nf4 11. Bxf4 Bxf4 12. Qxd8 Rxd8 13. Na3 Bf5 14. c3
Rd7 15. Rad1 Rad8 16. Rxd7 Rxd7 17. Nb5 Be6 18. a3 a6 19. Nbd4 Nxd4 20. Nxd4
Bc7 21. Nxe6 fxe6 22. Rd1 Rxd1+ 23. Bxd1 Kf7 24. a4 a5 25. g3 b6 26. Kf1 Kf6
27. Ke2 Bd6 28. Kd3 Bc5 29. f3 e5 30. Ke4 Ke6 31. Bb3+ Kd6 32. Bc2 Ke6 33. h3
h6 34. Kd3 Kd5 35. Bb3+ Kd6 36. Bd1 Bf2 37. g4 Bg3 38. Kc4 Be1 39. b4 axb4 40.
cxb4 Bd2 41. Bc2 Be1 42. Kb5 Kc7 43. a5 bxa5 44. bxa5 Kb7 45. a6+ Ka7 46. Bd3
Bd2 47. Kc6 Bc3 48. Kd5 Bb2 49. Ke6 Bc3 50. Kf7 Kb6 51. Be4 g5 52. Bd3 Be1 53.
Kg7 Bg3 54. Kxh6 Bf4 55. Kg6 Ka7 56. Kh5 Kb6 57. h4 gxh4 58. Kxh4 Be3 59. g5
Kc7 60. g6 Bh6 61. Kg4 Bg7 62. Kf5 {Normal} 1-0

[Event "Rated Blitz game"]
[Site "?"]
[Date "2021.05.14"]
[Round "?"]
[White "GMJOEY93"]
[Black "greenbubbl_e"]
[Result "0-1"]
[WhiteElo "2682"]
[BlackElo "2618"]
[PlyCount "48"]
[EventDate "2021.??.??"]
[EventType "blitz"]

1. e4 e5 2. Nf3 d5 3. d4 dxe4 4. Nxe5 Nf6 5. Bg5 Bd6 6. Nc3 Bf5 7. g4 Be6 8.
Nxe4 Be7 9. Bg2 Nxe4 10. Bxe7 Qxe7 11. Bxe4 Nd7 12. Bxb7 Qb4+ 13. Qd2 Qxb7 14.
O-O-O Nxe5 15. dxe5 Bxg4 16. f3 Be6 17. Rhg1 g6 18. Qh6 Qa6 19. Qg7 Rf8 20. a3
Qc4 21. Rd3 Bf5 22. Rc3 Qa2 23. Rd1 Qa1+ 24. Kd2 O-O-O+ {Normal} 0-1

[Event "Rated Blitz game"]
[Site "?"]
[Date "2021.05.14"]
[Round "?"]
[White "Scualchess"]
[Black "AlaEldin"]
[Result "1/2-1/2"]
[WhiteElo "2460"]
[BlackElo "2320"]
[PlyCount "175"]
[EventDate "2021.??.??"]
[EventType "blitz"]

1. e4 e5 2. Nf3 d5 3. Nxe5 Bd6 4. d4 dxe4 5. Nc4 Nf6 6. Be2 O-O 7. Nxd6 Qxd6 8.
Be3 Nc6 9. O-O a6 10. c4 b5 11. b3 Rb8 12. Nd2 Bf5 13. Re1 Nxd4 14. Nxe4 Nxe2+
15. Qxe2 Bxe4 16. c5 Qc6 17. f3 Bg6 18. Rad1 Rfe8 19. Qf2 Nd5 20. Bd4 Nf4 21.
Rxe8+ Rxe8 22. Be3 Nd5 23. Bd4 b4 24. Qd2 f6 25. Bf2 Bf7 26. h4 Nc3 27. Re1
Rxe1+ 28. Qxe1 Qd5 29. Qe7 g6 30. Qxc7 Qe5 31. Qc8+ Kg7 32. Qxa6 Ne2+ 33. Kf1
Nf4 34. Qb5 Be8 35. Qc4 Qa1+ 36. Be1 g5 37. hxg5 fxg5 38. Qxb4 Qd1 39. Qc3+ Kg6
40. Qe5 Bb5+ 41. Kg1 Bd3 42. Qe3 Qc2 43. Qd2 Ne2+ 44. Kh2 Qxd2 45. Bxd2 Nd4 46.
b4 h5 47. a4 Bc2 48. a5 Bd3 49. Bc3 Nc6 50. Kg3 Kf5 51. Kf2 Bb5 52. Ke3 h4 53.
Be1 Ke6 54. Ke4 Bf1 55. Ke3 Kd5 56. Kf2 Bb5 57. Bd2 Kc4 58. Bxg5 h3 59. gxh3
Kxb4 60. Be3 Nxa5 61. h4 Nc4 62. Bd4 Nb2 63. Bxb2 Kxc5 64. h5 Kd6 65. Ke3 Ke6
66. Kf4 Kf7 67. Kg5 Bd3 68. f4 Ke6 69. Be5 Bc2 70. Kh6 Kf7 71. Kg5 Ke6 72. Bg7
Bd3 73. Bc3 Bc2 74. Kg4 Bf5+ 75. Kf3 Bb1 76. Ke3 Bf5 77. Bg7 Bb1 78. h6 Bh7 79.
Kd4 Kf5 80. Be5 Ke6 81. Kc5 Kf5 82. Kd6 Kg6 83. Bg7 Kf5 84. Be5 Kg6 85. Ke7
Kxh6 86. Kf6 Kh5 87. f5 Bxf5 88. Kxf5 {Normal} 1/2-1/2

[Event "Rated Blitz game"]
[Site "?"]
[Date "2021.05.14"]
[Round "?"]
[White "GMJOEY93"]
[Black "greenbubbl_e"]
[Result "1/2-1/2"]
[WhiteElo "2668"]
[BlackElo "2634"]
[PlyCount "84"]
[EventDate "2021.??.??"]
[EventType "blitz"]

1. e4 e5 2. Nf3 d5 3. d4 dxe4 4. Nxe5 Nf6 5. Bg5 Be7 6. Nc3 O-O 7. Bc4 Nc6 8.
Nxc6 bxc6 9. O-O Rb8 10. Bb3 Nd5 11. Bxe7 Qxe7 12. Nxd5 cxd5 13. Bxd5 Rd8 14.
Bb3 Ba6 15. Re1 c5 16. c3 cxd4 17. cxd4 Rb4 18. d5 Bc4 19. Bxc4 Rxc4 20. Qb3
Rd4 21. Rad1 R8xd5 22. Qxd5 Rxd5 23. Rxd5 h6 24. f3 Qb4 25. Rxe4 Qxb2 26. h3
Qxa2 27. Kh2 a5 28. Rd8+ Kh7 29. Rd7 Qb3 30. Ree7 Kg6 31. Ra7 a4 32. Reb7 Qc4
33. Rb6+ Kh7 34. Rba6 Qf4+ 35. Kh1 Qc1+ 36. Kh2 Qf4+ 37. Kg1 Qc1+ 38. Kf2 Qd2+
39. Kg3 Qg5+ 40. Kf2 Qd2+ 41. Kf1 Qd1+ 42. Kf2 Qd2+ {Normal} 1/2-1/2

[Event "Rated Blitz game"]
[Site "?"]
[Date "2021.05.14"]
[Round "?"]
[White "Lukii20"]
[Black "Berovski"]
[Result "1-0"]
[WhiteElo "2445"]
[BlackElo "2412"]
[PlyCount "81"]
[EventDate "2021.??.??"]
[EventType "blitz"]

1. e4 e5 2. Nf3 d5 3. exd5 e4 4. Nd4 Qxd5 5. Nb3 Nf6 6. Nc3 Qe5 7. Be2 Bd6 8.
g3 Bh3 9. d4 exd3 10. Qxd3 O-O 11. Bf4 Qe7 12. Bxd6 cxd6 13. O-O-O Rd8 14. Bf3
Nc6 15. Rhe1 Ne5 16. Qb5 Rab8 17. Bh1 Bg4 18. f3 Bd7 19. Qe2 Qf8 20. Nd4 a6 21.
g4 b5 22. h3 b4 23. Ne4 Nd5 24. Nf5 Bxf5 25. Rxd5 Be6 26. Rdd1 Bxa2 27. b3 d5
28. Ng5 Nc4 29. Qd3 g6 30. f4 Rbc8 31. h4 Na3 32. Re2 a5 33. h5 a4 34. hxg6
fxg6 35. f5 axb3 36. fxg6 Rxc2+ 37. Rxc2 bxc2 38. gxh7+ Kh8 39. Qd4+ Qg7 40.
Nf7+ Kxh7 41. Be4+ {Time forfeit} 1-0

[Event "Rated Blitz game"]
[Site "?"]
[Date "2021.05.14"]
[Round "?"]
[White "elpasha"]
[Black "komendart"]
[Result "1-0"]
[WhiteElo "2412"]
[BlackElo "2443"]
[PlyCount "39"]
[EventDate "2021.??.??"]
[EventType "blitz"]

1. e4 e5 2. Nf3 d5 3. exd5 e4 4. Qe2 Nf6 5. d3 Bb4+ 6. c3 O-O 7. dxe4 Re8 8.
cxb4 Rxe4 9. Be3 Nxd5 10. a3 Bg4 11. Nc3 Nxc3 12. bxc3 Nc6 13. Qd3 Qe7 14. Be2
Rd8 15. Qc2 Rxe3 16. fxe3 Qxe3 17. Qc1 Qe4 18. Kf2 Ne5 19. Qe3 Qc6 20. Nxe5 {
Normal} 1-0

[Event "Rated Blitz game"]
[Site "?"]
[Date "2021.05.14"]
[Round "?"]
[White "Lady_berry"]
[Black "Gifroy"]
[Result "1-0"]
[WhiteElo "2515"]
[BlackElo "2411"]
[PlyCount "90"]
[EventDate "2021.??.??"]
[EventType "blitz"]

1. e4 e5 2. Nf3 d5 3. d4 dxe4 4. Nxe5 Bd6 5. Nc3 Bxe5 6. dxe5 Qxd1+ 7. Kxd1 Bf5
8. Bc4 Nc6 9. Bf4 Nge7 10. Re1 Ng6 11. Bg3 O-O-O+ 12. Kc1 Ncxe5 13. Bd5 Rhe8
14. Bxe4 Bxe4 15. Rxe4 f5 16. Ra4 Nc4 17. f3 f4 18. Bf2 Ne3 19. g3 Nf1 20. b3
Nxh2 21. gxf4 Nxf3 22. Rxa7 Kb8 23. Ra4 Rd2 24. Ba7+ Kc8 25. Kb2 Nxf4 26. Rxf4
Ng5 27. Rg4 h6 28. Rd1 Rxd1 29. Nxd1 b6 30. Bxb6 cxb6 31. Nf2 Rf8 32. Ne4 Nxe4
33. Rxe4 Rg8 34. c4 g5 35. Re6 g4 36. Rxh6 g3 37. Rh1 g2 38. Rg1 Kd7 39. Kc3
Kc6 40. Kd2 b5 41. cxb5+ Kxb5 42. Ke2 Kb4 43. Kf2 Ka3 44. Rxg2 Rxg2+ 45. Kxg2
Kxa2 {Normal} 1-0

[Event "Rated Blitz game"]
[Site "?"]
[Date "2021.05.14"]
[Round "?"]
[White "GMJOEY93"]
[Black "greenbubbl_e"]
[Result "0-1"]
[WhiteElo "2683"]
[BlackElo "2615"]
[PlyCount "76"]
[EventDate "2021.??.??"]
[EventType "blitz"]

1. e4 e5 2. Nf3 d5 3. Nc3 d4 4. Ne2 Nc6 5. Ng3 h5 6. Bb5 h4 7. Ne2 h3 8. Nxe5
Qf6 9. f4 hxg2 10. Rg1 Qh4+ 11. Ng3 Qxh2 12. Kf2 d3 13. Nxd3 Nf6 14. Rxg2 Ng4+
15. Qxg4 Bxg4 16. Rxh2 Rxh2+ 17. Kg1 Rh4 18. Ne5 O-O-O 19. Bxc6 Bc5+ 20. Kg2
bxc6 21. Nxg4 Rxg4 22. d3 Rh8 23. c3 Rgh4 24. d4 Rh2+ 25. Kf3 Be7 26. Be3 Rc2
27. Nf5 Bf8 28. Bf2 Rxb2 29. Ne3 g6 30. a4 Rh3+ 31. Bg3 Rb3 32. Rc1 c5 33. d5
Ra3 34. e5 Be7 35. Ng4 Bh4 36. Ke4 Rxg3 37. Ne3 Be7 38. c4 Rgxe3# {Normal} 0-1

[Event "Rated Blitz game"]
[Site "?"]
[Date "2021.05.14"]
[Round "?"]
[White "yaguigor"]
[Black "BigLion5555"]
[Result "0-1"]
[WhiteElo "2520"]
[BlackElo "2561"]
[PlyCount "42"]
[EventDate "2021.??.??"]
[EventType "blitz"]

1. e4 e5 2. Nf3 d5 3. exd5 e4 4. Qe2 Nf6 5. d3 Qxd5 6. Ng5 Nc6 7. Nxe4 Be6 8.
Nxf6+ gxf6 9. Nc3 Qa5 10. Bd2 Nd4 11. Qd1 Qb6 12. Rb1 Qc6 13. Be3 O-O-O 14.
Bxd4 Rxd4 15. Qf3 Qxf3 16. gxf3 Bh6 17. Ne2 Rh4 18. f4 Rg8 19. f3 Bxa2 20. Ra1
Bd5 21. Rxa7 Kb8 {Normal} 0-1

[Event "Rated Blitz game"]
[Site "?"]
[Date "2021.05.14"]
[Round "?"]
[White "frasigal"]
[Black "Gifroy"]
[Result "0-1"]
[WhiteElo "2401"]
[BlackElo "2403"]
[PlyCount "94"]
[EventDate "2021.??.??"]
[EventType "blitz"]

1. e4 e5 2. Nf3 d5 3. exd5 e4 4. Qe2 Nf6 5. d3 Qxd5 6. dxe4 Qxe4 7. Nc3 Bb4 8.
Bd2 Qxe2+ 9. Bxe2 Bd7 10. Ne5 Be6 11. O-O-O O-O 12. a3 Bd6 13. Nc4 Bc5 14. b4
Bxf2 15. Nb5 Na6 16. Rhf1 Bb6 17. Bf4 Bxc4 18. Bxc4 Rad8 19. h3 Rxd1+ 20. Rxd1
Ne8 21. Rd7 Nf6 22. Re7 Nb8 23. Nxc7 Nc6 24. Re1 Bxc7 25. Bxc7 Re8 26. Rxe8+
Nxe8 27. Bf4 a6 28. c3 Kf8 29. Be2 f6 30. Kc2 Ke7 31. Kb3 Nd6 32. a4 g5 33. Be3
h6 34. Bc5 Kd7 35. b5 axb5 36. axb5 Ne5 37. Kb4 Ne4 38. Be3 Ng3 39. Bd1 Nd3+
40. Kc4 Ne5+ 41. Kd5 Nd3 42. Bd4 Nf4+ 43. Kc4 Ke6 44. Kb4 Nd5+ 45. Kc5 Nc7 46.
Bb3+ Kd7 47. Kb6 Kc8 {Time forfeit} 0-1

[Event "Rated Blitz game"]
[Site "?"]
[Date "2021.05.14"]
[Round "?"]
[White "Disqualifier"]
[Black "greenbubbl_e"]
[Result "0-1"]
[WhiteElo "2507"]
[BlackElo "2673"]
[PlyCount "66"]
[EventDate "2021.??.??"]
[EventType "blitz"]

1. e4 e5 2. Nf3 d5 3. Bb5+ c6 4. Ba4 dxe4 5. Ng1 Nf6 6. Nc3 Bc5 7. h3 b5 8. Bb3
a5 9. a3 Qb6 10. Qe2 O-O 11. g4 a4 12. g5 Ne8 13. Ba2 Nd6 14. h4 Ba6 15. d3
exd3 16. cxd3 Nd7 17. Nf3 e4 18. Nxe4 Rfe8 19. Nfd2 b4 20. Bc4 Bxc4 21. Nxc4
Nxc4 22. dxc4 f5 23. gxf6 Nxf6 24. Nxf6+ gxf6 25. Be3 Bxe3 26. Qg4+ Bg5+ 27.
Kf1 Re5 28. hxg5 fxg5 29. Rh5 Rf8 30. Rxg5+ Kh8 31. f4 Rxg5 32. Qxg5 Qe3 33.
Kg2 Rg8 {Normal} 0-1

[Event "Rated Blitz game"]
[Site "?"]
[Date "2021.05.14"]
[Round "?"]
[White "PhantomKinder"]
[Black "blastol"]
[Result "1-0"]
[WhiteElo "2412"]
[BlackElo "2384"]
[PlyCount "45"]
[EventDate "2021.??.??"]
[EventType "blitz"]

1. e4 e5 2. Nf3 d5 3. Nxe5 Bd6 4. d4 dxe4 5. Bc4 Bxe5 6. Qh5 Qe7 7. Qxe5 Qxe5
8. dxe5 Nc6 9. Bf4 Nge7 10. Bb5 Ng6 11. Bxc6+ bxc6 12. Bg3 h5 13. h3 Ba6 14.
Nc3 O-O 15. O-O-O Rfe8 16. Nxe4 Nxe5 17. Nc5 Bc4 18. Rhe1 f6 19. Bxe5 fxe5 20.
b3 Bd5 21. f3 Rab8 22. c4 Bf7 23. Rd7 {Normal} 1-0

[Event "Rated Blitz game"]
[Site "?"]
[Date "2021.05.14"]
[Round "?"]
[White "runittwice"]
[Black "Riders_On_The_Storm"]
[Result "0-1"]
[WhiteElo "2662"]
[BlackElo "2781"]
[PlyCount "60"]
[EventDate "2021.??.??"]
[EventType "blitz"]

1. e4 e5 2. Nf3 d5 3. d4 dxe4 4. Nxe5 Bd6 5. Bf4 Nf6 6. Bc4 O-O 7. O-O Nc6 8.
Nc3 Bf5 9. Re1 Qe8 10. Nb5 Nxe5 11. Nxd6 cxd6 12. dxe5 dxe5 13. Bg5 Qe7 14. Qd2
Rfd8 15. Qe3 h6 16. Bh4 Rac8 17. Bb3 b5 18. h3 a5 19. a4 b4 20. Rad1 Be6 21.
Rxd8+ Rxd8 22. Qb6 Bxb3 23. cxb3 Rd5 24. Rxe4 g5 25. Rc4 gxh4 26. Rc7 Qd8 27.
Qc6 Rd1+ 28. Kh2 Kg7 29. Qb7 Qd5 30. Qa7 e4 {Normal} 0-1

[Event "Rated Blitz game"]
[Site "?"]
[Date "2021.05.14"]
[Round "?"]
[White "hima_saber80"]
[Black "greenbubbl_e"]
[Result "1/2-1/2"]
[WhiteElo "2506"]
[BlackElo "2694"]
[PlyCount "47"]
[EventDate "2021.??.??"]
[EventType "blitz"]

1. e4 e5 2. Nf3 d5 3. d4 dxe4 4. Nxe5 Nf6 5. Bc4 Be6 6. Bxe6 fxe6 7. O-O Bd6 8.
Nc3 O-O 9. Bg5 h6 10. Bh4 g5 11. Bg3 Nc6 12. Re1 Bb4 13. Nxc6 bxc6 14. Be5 Bxc3
15. bxc3 Qd5 16. Qe2 Qb5 17. c4 Qa6 18. Bxc7 Rac8 19. Be5 c5 20. Bxf6 Rxf6 21.
Qxe4 Qxc4 22. dxc5 Qxe4 23. Rxe4 Rxc5 24. Re2 {Normal} 1/2-1/2

[Event "Rated Blitz game"]
[Site "?"]
[Date "2021.05.14"]
[Round "?"]
[White "Karin2007"]
[Black "Fantastic_power06"]
[Result "0-1"]
[WhiteElo "2511"]
[BlackElo "2670"]
[PlyCount "60"]
[EventDate "2021.??.??"]
[EventType "blitz"]

1. e4 e5 2. Nf3 d5 3. d3 Nc6 4. Nc3 Nf6 5. Bg5 Bb4 6. exd5 Qxd5 7. Bxf6 gxf6 8.
Qd2 Qa5 9. Be2 Bg4 10. h3 Bh5 11. O-O O-O-O 12. Qh6 Bg6 13. Ne4 Be7 14. a3 f5
15. Nc3 e4 16. Nd2 Nd4 17. Nc4 Qa6 18. Bd1 Rhg8 19. Re1 Ne6 20. h4 exd3 21.
cxd3 f4 22. Ne5 Bf6 23. Bf3 Bg7 24. Nxg6 Bxh6 25. Ne7+ Kb8 26. Nxg8 Rxg8 27.
Be4 Nd4 28. f3 Qb6 29. Kh2 Qf6 30. Bxh7 Nxf3+ {Normal} 0-1